Complete the Card - WWE Royal Rumble 2000 - Statistics

General Stats
  • This quiz has been taken 546 times
  • The average score is 13 of 16
Answer Stats
Answer % Correct
The Rock
99%
Triple H
96%
Bubba Ray Dudley
92%
D-Von Dudley
92%
Jeff Hardy
92%
Matt Hardy
92%
Chris Jericho
91%
Cactus Jack
84%
Kurt Angle
82%
Road Dogg
74%
Billy Gunn
73%
Chyna
73%
Bradshaw
66%
Faarooq
66%
Tazz
63%
Hardcore Holly
59%
No matching quizzes found
Score Distribution
Percent of People with Each Score
Percentile by Number Answered
Your Score History
You have not taken this quiz